Statistics for Movies by Clue Quiz #1

Click here to take the quiz!

General Stats

  • This quiz has been taken 75,991 times
    (57,610 since last reset)
  • The average score is 12 of 22

Answer Stats

CluesMovie% Correct
King of the World, Kate Winslet, IcebergTitanic
99%
Arnold, John Connor, Killer RobotThe Terminator
76%
DeLorean, Biff, Hill ValleyBack to the Future
73%
Teen Pregnancy, Ellen Page, Track ShortsJuno
70%
Corleone, Cannoli, CrimeThe Godfather
69%
John McClane, Yippee Ki Yay, Hans GruberDie Hard
66%
Wingman, Volleyball, MaverickTop Gun
64%
Balloon Trip, Talking Dog, Paradise FallsUp
64%
Stay Puft, Slimer, EctoplasmGhostbusters
61%
President, Harrison Ford, Get Off My Plane!Air Force One
58%
Spider Pig, EPA, Grand Theft WalrusThe Simpsons Movie
56%
Ice World Hoth, Daddy Surprise, Lando CalrissianThe Empire Strikes Back
50%
Guantanamo, Navy Lawyers, Inability to Handle TruthA Few Good Men
46%
Cornfield, Shoeless Joe Jackson, If You Build ItField of Dreams
46%
Maria, Jets, Leonard BernsteinWest Side Story
46%
Snotty Nose, Found the Videotape, Shaky CameraThe Blair Witch Project
45%
Rugby, South Africa, Matt DamonInvictus
42%
Simon & Garfunkel, Wedding Interruption, Trying to Seduce Me?The Graduate
42%
Oil Baron, Daniel Day Lewis, Milkshake DrinkingThere Will Be Blood
32%
Doomsday Device, Fighting in War Room, Peter SellersDr. Strangelove
29%
Identity Disc, Jeff Bridges, Master ControllerTron
27%
Uninvited Guests, Stage 5 Clinger, D.C.Wedding Crashers
22%

Score Distribution

Percentile by Number Answered

Percent of People with Each Score

Your Score History

You have not taken this quiz since the last reset